<?xml version="1.0" encoding="UTF-8"?><marc:collection xmlns:marc="http://www.loc.gov/MARC21/slim">
  <marc:record>
    <marc:leader>00000nam  2200000za 4500</marc:leader>
    <marc:controlfield tag="001">9.850837</marc:controlfield>
    <marc:controlfield tag="003">CaOODSP</marc:controlfield>
    <marc:controlfield tag="005">20250915092311</marc:controlfield>
    <marc:controlfield tag="007">cr |||||||||||</marc:controlfield>
    <marc:controlfield tag="008">180126s2018    onc     o    f000 0 fre d</marc:controlfield>
    <marc:datafield tag="040" ind1=" " ind2=" ">
      <marc:subfield code="a">CaOODSP</marc:subfield>
      <marc:subfield code="b">fre</marc:subfield>
    </marc:datafield>
    <marc:datafield tag="043" ind1=" " ind2=" ">
      <marc:subfield code="a">n-cn---</marc:subfield>
    </marc:datafield>
    <marc:datafield tag="086" ind1="1" ind2=" ">
      <marc:subfield code="a">Rv55-8/21-1-1-2018F-PDF</marc:subfield>
    </marc:datafield>
    <marc:datafield tag="245" ind1="0" ind2="0">
      <marc:subfield code="a">Privilèges douaniers accordés aux missions diplomatiques, aux postes consulaires et aux organisations internationales accréditées (numéro tarifaire 9808.00.00) </marc:subfield>
      <marc:subfield code="h">[ressource électronique].</marc:subfield>
    </marc:datafield>
    <marc:datafield tag="250" ind1=" " ind2=" ">
      <marc:subfield code="a">[Édition de 4 janvier 2018].</marc:subfield>
    </marc:datafield>
    <marc:datafield tag="260" ind1=" " ind2=" ">
      <marc:subfield code="a">Ottawa : </marc:subfield>
      <marc:subfield code="b">Agence des services frontaliers du Canada, </marc:subfield>
      <marc:subfield code="c">2018.</marc:subfield>
    </marc:datafield>
    <marc:datafield tag="300" ind1=" " ind2=" ">
      <marc:subfield code="a">17 p.</marc:subfield>
    </marc:datafield>
    <marc:datafield tag="490" ind1="1" ind2=" ">
      <marc:subfield code="a">Mémorandum, </marc:subfield>
      <marc:subfield code="x">2369-2405 ; </marc:subfield>
      <marc:subfield code="v">D21-1-1, 4 janvier 2018</marc:subfield>
    </marc:datafield>
    <marc:datafield tag="500" ind1=" " ind2=" ">
      <marc:subfield code="a">Titre de départ.</marc:subfield>
    </marc:datafield>
    <marc:datafield tag="500" ind1=" " ind2=" ">
      <marc:subfield code="a">« Ceci annule le mémorandum D : D21-1-1 daté le 28 avril 2016 » -- p. 17.</marc:subfield>
    </marc:datafield>
    <marc:datafield tag="500" ind1=" " ind2=" ">
      <marc:subfield code="a">Publ. aussi en anglais sous le titre : Customs privileges for diplomatic missions, consular posts and accredited international organizations (tariff Item no. 9808.00.00).</marc:subfield>
    </marc:datafield>
    <marc:datafield tag="520" ind1=" " ind2=" ">
      <marc:subfield code="a">« Le présent mémorandum a été amendé afin de refléter le changement de nom du « ministère des Affaires étrangères, du Commerce et du Développement » (MAECD) à celui d’« Affaires mondiales Canada » (AMC) et de fournir une mise à jour des numéros de téléphone d’AMC dans le paragraphe 13. Veuillez noter qu’un examen complet de ce mémorandum sera effectué à une date ultérieure » -- En résumé, p. [1].</marc:subfield>
    </marc:datafield>
    <marc:datafield tag="692" ind1="0" ind2="7">
      <marc:subfield code="2">gccst</marc:subfield>
      <marc:subfield code="a">Mission diplomatique</marc:subfield>
    </marc:datafield>
    <marc:datafield tag="692" ind1="0" ind2="7">
      <marc:subfield code="2">gccst</marc:subfield>
      <marc:subfield code="a">Services consulaires</marc:subfield>
    </marc:datafield>
    <marc:datafield tag="692" ind1="0" ind2="7">
      <marc:subfield code="2">gccst</marc:subfield>
      <marc:subfield code="a">Organisme international</marc:subfield>
    </marc:datafield>
    <marc:datafield tag="692" ind1="0" ind2="7">
      <marc:subfield code="2">gccst</marc:subfield>
      <marc:subfield code="a">Douanes</marc:subfield>
    </marc:datafield>
    <marc:datafield tag="710" ind1="2" ind2=" ">
      <marc:subfield code="a">Agence des services frontaliers du Canada.</marc:subfield>
    </marc:datafield>
    <marc:datafield tag="775" ind1="0" ind2="8">
      <marc:subfield code="t">Customs privileges for diplomatic missions, consular posts and accredited international organizations (tariff Item no. 9808.00.00) </marc:subfield>
      <marc:subfield code="w">(CaOODSP)9.850834</marc:subfield>
    </marc:datafield>
    <marc:datafield tag="794" ind1=" " ind2=" ">
      <marc:subfield code="t">Privilèges douaniers accordés aux missions diplomatiques, aux postes consulaires et aux organisations internationales (n° tarifaire 9808.00.00).</marc:subfield>
      <marc:subfield code="b">[Édition de 20 juin 2025]</marc:subfield>
      <marc:subfield code="w">(CaOODSP)9.955304</marc:subfield>
    </marc:datafield>
    <marc:datafield tag="795" ind1=" " ind2=" ">
      <marc:subfield code="t">Privilèges douaniers accordés aux missions diplomatiques, aux postes consulaires et aux organisations internationales accréditées (numéro tarifaire 9808.00.00) </marc:subfield>
      <marc:subfield code="b">[Édition de 28 avril 2016]</marc:subfield>
      <marc:subfield code="w">(CaOODSP)9.816778</marc:subfield>
    </marc:datafield>
    <marc:datafield tag="830" ind1="#" ind2="0">
      <marc:subfield code="a">Mémorandum D21 - programmes internationaux,</marc:subfield>
      <marc:subfield code="x">2369-2405 ; </marc:subfield>
      <marc:subfield code="v">D21-1-1, 4 janvier 2018.</marc:subfield>
      <marc:subfield code="w">(CaOODSP)9.816826</marc:subfield>
    </marc:datafield>
    <marc:datafield tag="856" ind1="4" ind2="0">
      <marc:subfield code="q">PDF</marc:subfield>
      <marc:subfield code="s">493 Ko</marc:subfield>
      <marc:subfield code="u">https://publications.gc.ca/collections/collection_2018/asfc-cbsa/Rv55-8-21-1-1-2018-fra.pdf</marc:subfield>
    </marc:datafield>
  </marc:record>
</marc:collection>
